[Event "Niedersachsen-ch U18"]
[Site "Rotenburg"]
[Date "2008.03.19"]
[Round "7"]
[White "Ripplinger, Philipp"]
[Black "Hilgendorff, Finn"]
[Result "1/2-1/2"]
[WhiteElo "1651"]
[BlackElo "2031"]
[PlyCount "54"]
[EventDate "2008.03.15"]
[EventType "swiss"]
[EventRounds "9"]
[EventCountry "GER"]
[SourceTitle "EXT 2009"]
[Source "ChessBase"]
[SourceDate "2008.11.26"]
[SourceVersion "1"]
[SourceVersionDate "2008.11.26"]
[SourceQuality "1"]

1. e4 d5 2. exd5 Qxd5 3. Nc3 Qd6 4. d4 Nf6 5. Bc4 Bg4 6. f3 Bh5 7. Nge2 Nc6 8. Bf4 e5 9. dxe5 Nxe5 10. Bb3 0-0-0 11. Qxd6 Bxd6 12. 0-0-0 a6 13. Rd2 Bg6 14. Bg5 Bc5 15. Rhd1 Ned7 16. Nd5 c6 17. Nxf6 Nxf6 18. Rxd8+ Rxd8 19. Rxd8+ Kxd8 20. Bxf6+ gxf6 21. Kd2 Ke7 22. Nf4 Bf5 23. Bc4 Bd6 24. g3 b5 25. Bd3 Bxf4+ 26. gxf4 Bxd3 27. Kxd3 a5 1/2-1/2

[Event "Niedersachsen-ch U18"]
[Site "Rotenburg"]
[Date "2008.03.16"]
[Round "2"]
[White "Hilgendorff, Finn"]
[Black "Borrink, Joern"]
[Result "0-1"]
[WhiteElo "2031"]
[BlackElo "2050"]
[PlyCount "44"]
[EventDate "2008.03.15"]
[EventType "swiss"]
[EventRounds "9"]
[EventCountry "GER"]
[SourceTitle "EXT 2009"]
[Source "ChessBase"]
[SourceDate "2008.11.26"]
[SourceVersion "1"]
[SourceVersionDate "2008.11.26"]
[SourceQuality "1"]

1. e4 d6 2. d4 Nf6 3. Nc3 g6 4. Bg5 Bg7 5. e5 Nfd7 6. Nf3 dxe5 7. dxe5 Nc6 8. e6 fxe6 9. Bb5 Nb4 10. a3 Nd5 11. Nxd5 exd5 12. Nd4 Kf7 13. Nc6 bxc6 14. Bxc6 Nb6 15. Bxa8 Nxa8 16. Qf3+ Bf6 17. 0-0-0 c6 18. Be3 Bf5 19. Bxa7 Qd7 20. Bd4 Bg4 21. Qf4 Bxd1 22. Rxd1 Qf5 0-1

[Event "Niedersachsen-ch"]
[Site "Verden"]
[Date "2008.01.04"]
[Round "3"]
[White "Hilgendorff, Finn"]
[Black "Zotin, Vladimir"]
[Result "0-1"]
[WhiteElo "2029"]
[BlackElo "1996"]
[PlyCount "68"]
[EventDate "2008.01.03"]
[EventType "swiss"]
[EventRounds "7"]
[EventCountry "GER"]
[SourceTitle "EXT 2010"]
[Source "ChessBase"]
[SourceDate "2010.11.25"]
[SourceVersion "1"]
[SourceVersionDate "2010.11.25"]
[SourceQuality "1"]

1. e4 e5 2. Bc4 Nc6 3. Nc3 Bc5 4. Qg4 g6 5. Qg3 d6 6. d3 Nd4 7. Bb3 Be6 8. Bg5 Qd7 9. Rc1 f6 10. Bd2 0-0-0 11. Na4 Nxb3 12. axb3 f5 13. Nxc5 dxc5 14. Qxe5 Ne7 15. exf5 Bxf5 16. Qxc5 Nc6 17. Be3 Rhe8 18. Ne2 b6 19. Qb5 Kb8 20. Ra1 Re5 21. Qc4 Rde8 22. Kd1 Bg4 23. h3 Bxe2+ 24. Kxe2 Rc5 25. Qa6 Rxc2+ 26. Kd1 Rxb2 27. Bd2 Qe6 28. Be3 Qxb3+ 29. Ke1 Rb1+ 30. Rxb1 Qxb1+ 31. Kd2 Qxh1 32. Qb5 Qxg2 33. d4 Qe4 34. d5 Qb4+ 0-1

[Event "Niedersachsen-ch U16"]
[Site "Rotenburg/Wuemme"]
[Date "2007.04.05"]
[Round "8"]
[White "Kusmierek, Phillip"]
[Black "Hilgendorff, Finn"]
[Result "0-1"]
[WhiteElo "1937"]
[BlackElo "1917"]
[PlyCount "96"]
[EventDate "2007.03.31"]
[EventType "swiss"]
[EventRounds "9"]
[EventCountry "GER"]
[SourceTitle "EXT 2008"]
[Source "ChessBase"]
[SourceDate "2007.11.25"]
[SourceVersion "1"]
[SourceVersionDate "2007.11.25"]
[SourceQuality "1"]

1. e4 d5 2. exd5 Qxd5 3. Nc3 Qd6 4. d4 Nf6 5. Bc4 Bg4 6. f3 Bh5 7. Nge2 Nc6 8. 0-0 0-0-0 9. Be3 e5 10. d5 Qb4 11. b3 Bc5 12. Qd3 Bg6 13. Qd2 Ne7 14. Kh1 Nfxd5 15. Bxc5 Qxc5 16. Na4 Qd6 17. Qa5 Nc6 18. Qb5 a6 19. Qc5 Qxc5 20. Nxc5 Ne3 21. Rfc1 Nxc2 22. Rab1 N2d4 23. Rb2 Nxe2 24. Rxe2 f6 25. Kg1 Rd6 26. Re3 Rhd8 27. Ne6 Rd1+ 28. Rxd1 Rxd1+ 29. Kf2 Rd7 30. Nc5 Rd6 31. Rd3 Nd4 32. Rd2 b5 33. Bf1 a5 34. a3 Bf7 35. b4 a4 36. g3 Nxf3 37. Rxd6 cxd6 38. Ne4 Nd4 39. Nxd6+ Kd7 40. Nxf7 Ke7 41. Nxe5 fxe5 42. Bd3 h6 43. Ke3 Ke6 44. Ke4 Nf5 45. Kf3 Nd6 46. Be4 Nxe4 47. Kxe4 h5 48. h3 g6 0-1

[Event "Niedersachsen-ch U16"]
[Site "Rotenburg/Wuemme"]
[Date "2007.04.04"]
[Round "7"]
[White "Hilgendorff, Finn"]
[Black "Hampel, Felix"]
[Result "0-1"]
[WhiteElo "1917"]
[BlackElo "1879"]
[PlyCount "58"]
[EventDate "2007.03.31"]
[EventType "swiss"]
[EventRounds "9"]
[EventCountry "GER"]
[SourceTitle "EXT 2008"]
[Source "ChessBase"]
[SourceDate "2007.11.25"]
[SourceVersion "1"]
[SourceVersionDate "2007.11.25"]
[SourceQuality "1"]

1. e4 c5 2. Nf3 e6 3. d4 cxd4 4. Nxd4 Nc6 5. Nc3 Qc7 6. Be3 a6 7. Bd3 Nf6 8. 0-0 Ne5 9. Nf3 Neg4 10. Bd2 Bd6 11. h3 Ne5 12. Nxe5 Bxe5 13. Be3 Bxc3 14. bxc3 Qxc3 15. Bd2 Qc7 16. f4 d6 17. Qe1 0-0 18. e5 Nd7 19. Kh1 dxe5 20. Bb4 Re8 21. f5 exf5 22. Bxf5 Nf6 23. Bd3 Qc6 24. Qh4 e4 25. Bc4 Qxc4 26. Rxf6 Qxb4 27. Rxf7 Kxf7 28. Qh5+ g6 29. Qxh7+ Kf6 0-1

[Event "Niedersachsen-ch U16"]
[Site "Rotenburg/Wuemme"]
[Date "2007.04.03"]
[Round "5"]
[White "Hilgendorff, Finn"]
[Black "Lick, Patrick"]
[Result "0-1"]
[WhiteElo "1917"]
[BlackElo "1751"]
[PlyCount "102"]
[EventDate "2007.03.31"]
[EventType "swiss"]
[EventRounds "9"]
[EventCountry "GER"]
[SourceTitle "EXT 2008"]
[Source "ChessBase"]
[SourceDate "2007.11.25"]
[SourceVersion "1"]
[SourceVersionDate "2007.11.25"]
[SourceQuality "1"]

1. e4 c5 2. Nf3 d6 3. d4 cxd4 4. Nxd4 Nf6 5. Nc3 a6 6. Bg5 e6 7. f4 Be7 8. Qf3 0-0 9. 0-0-0 Qc7 10. g4 Nc6 11. Bg2 Bd7 12. h4 Rfc8 13. Nxc6 Bxc6 14. Bxf6 Bxf6 15. g5 Be7 16. Qf2 b5 17. Rd2 b4 18. Ne2 a5 19. Kb1 a4 20. b3 a3 21. Rh3 Rd8 22. c4 bxc3 23. Rxc3 Qb7 24. Qe3 Rac8 25. Rdc2 Bb5 26. Nd4 Rxc3 27. Qxc3 Qa6 28. Nxb5 Qxb5 29. Qc4 Qb6 30. Qf1 Qd4 31. Qc1 g6 32. Qxa3 Bf8 33. Qb2 Qd1+ 34. Rc1 Qg4 35. Qf2 d5 36. exd5 exd5 37. Bf1 Qf5+ 38. Rc2 d4 39. Qd2 d3 40. Rc4 Ba3 41. Ra4 Bc5 42. Rc4 Be3 43. Qd1 d2+ 44. Rc2 Bxf4 45. a4 Qe4 46. Ka2 Qe1 47. Be2 Re8 48. Bg4 Qxd1 49. Bxd1 Re1 50. Bg4 Rc1 51. Rc4 Be5 0-1

[Event "Niedersachsen-ch"]
[Site "Verden"]
[Date "2006.01.05"]
[Round "1"]
[White "Hilgendorff, Finn"]
[Black "Buchenau, Frank"]
[Result "0-1"]
[WhiteElo "1927"]
[BlackElo "2344"]
[PlyCount "56"]
[EventDate "2006.01.??"]
[EventType "swiss"]
[EventRounds "7"]
[EventCountry "GER"]
[SourceTitle "CBM 110 Extra"]
[Source "ChessBase"]
[SourceDate "2006.03.10"]
[SourceVersion "2"]
[SourceVersionDate "2006.03.10"]
[SourceQuality "1"]

1. e4 e6 2. d4 d5 3. exd5 exd5 4. Bd3 Bd6 5. Nc3 c6 6. Nge2 Bg4 7. f3 Bh5 8. Bf4 Ne7 9. Qd2 Bg6 10. 0-0-0 0-0 11. g4 Bxd3 12. Qxd3 Ng6 13. Bg3 Na6 14. f4 f5 15. h3 Qd7 16. Qf3 Rae8 17. g5 Ne7 18. Rde1 Bb4 19. Kb1 Nc8 20. Nc1 Nd6 21. Re2 Rxe2 22. Qxe2 Bxc3 23. bxc3 Re8 24. Qf2 Nc7 25. Rd1 Ndb5 26. Rd3 Qd6 27. Rf3 Qa3 28. Nd3 Nxc3+ 0-1

[Event "Niedersachsen-ch"]
[Site "Verden"]
[Date "2006.01.05"]
[Round "2"]
[White "Lubetzky, Tanja"]
[Black "Hilgendorff, Finn"]
[Result "0-1"]
[WhiteElo "1297"]
[BlackElo "1927"]
[PlyCount "58"]
[EventDate "2006.01.??"]
[EventType "swiss"]
[EventRounds "7"]
[EventCountry "GER"]
[SourceTitle "CBM 110 Extra"]
[Source "ChessBase"]
[SourceDate "2006.03.10"]
[SourceVersion "2"]
[SourceVersionDate "2006.03.10"]
[SourceQuality "1"]

1. e4 d5 2. exd5 Qxd5 3. Nc3 Qa5 4. d4 Nf6 5. Bf4 Bg4 6. Qd3 Nc6 7. Qb5 Qb6 8. d5 Qxb5 9. Bxb5 a6 10. dxc6 axb5 11. Nxb5 0-0-0 12. cxb7+ Kxb7 13. Ne2 c6 14. Nbc3 Nd5 15. 0-0 Nxf4 16. Nxf4 Rd2 17. Rac1 Bf5 18. Rfd1 Rxc2 19. Rxc2 Bxc2 20. Rd7+ Kc8 21. Ra7 Kb8 22. Rd7 Bf5 23. Rd2 g6 24. h3 Kc7 25. a4 Bh6 26. Re2 Bxf4 27. Rxe7+ Kb6 28. Rxf7 Be5 29. g4 Bc2 0-1

[Event "Niedersachsen-chT U14"]
[Site "Lingen"]
[Date "2005.05.07"]
[Round "5.1"]
[White "Baars, Lasse"]
[Black "Hilgendorff, Finn"]
[Result "1/2-1/2"]
[WhiteElo "1004"]
[BlackElo "1422"]
[PlyCount "86"]
[EventDate "2005.05.05"]
[EventType "team-swiss"]
[EventRounds "5"]
[EventCountry "GER"]
[SourceTitle "EXT 2007"]
[Source "ChessBase"]
[SourceDate "2006.11.23"]
[SourceVersion "1"]
[SourceVersionDate "2006.11.23"]
[SourceQuality "1"]

1. e4 Nc6 2. Nc3 e5 3. Nf3 Bc5 4. Nxe5 Bxf2+ 5. Kxf2 Nxe5 6. d4 Nc6 7. Nd5 Nce7 8. Bg5 f6 9. Nxe7 Nxe7 10. Bf4 c6 11. Bd6 0-0 12. h4 f5 13. e5 Re8 14. g4 Qb6 15. Rb1 Kh8 16. Bxe7 Rxe7 17. gxf5 Rxe5 18. Bd3 Qxd4+ 19. Kg2 Qd5+ 20. Qf3 Qxf3+ 21. Kxf3 d5 22. Kf4 Re8 23. h5 h6 24. Rhg1 Bd7 25. Rg6 Re7 26. f6 Rf8 27. Bf5 Rxf6 28. Rxf6 gxf6 29. Bxd7 Rxd7 30. Kf5 Rg7 31. Kxf6 Kh7 32. c3 b6 33. b4 Rg2 34. a4 Rg3 35. Re1 Rf3+ 36. Ke6 Rxc3 37. Kd6 d4 38. Re7+ Kg8 39. Re8+ Kf7 40. Re7+ Kf8 41. Rxa7 d3 42. Ke6 d2 43. Ra8+ Kg7 1/2-1/2

[Event "Niedersachsen-chT U14"]
[Site "Lingen"]
[Date "2005.05.06"]
[Round "3.1"]
[White "Bonacic, Jascha"]
[Black "Hilgendorff, Finn"]
[Result "0-1"]
[WhiteElo "1028"]
[BlackElo "1422"]
[PlyCount "86"]
[EventDate "2005.05.05"]
[EventType "team-swiss"]
[EventRounds "5"]
[EventCountry "GER"]
[SourceTitle "EXT 2007"]
[Source "ChessBase"]
[SourceDate "2006.11.23"]
[SourceVersion "1"]
[SourceVersionDate "2006.11.23"]
[SourceQuality "1"]

1. e4 Nc6 2. d4 d5 3. e5 Bf5 4. Bd3 Nxd4 5. Be3 Bxd3 6. Qxd3 Nc6 7. Nf3 e6 8. Nc3 Nge7 9. 0-0-0 Ng6 10. Bd4 Qd7 11. g3 b6 12. h4 Nb4 13. Qb5 Nxa2+ 14. Kd2 Nxc3 15. Qxd7+ Kxd7 16. Bxc3 c5 17. Kc1 h6 18. h5 Ne7 19. g4 g5 20. hxg6 Nxg6 21. Ng5 Ke7 22. Nh3 d4 23. Be1 Nxe5 24. f4 Nxg4 25. Bh4+ f6 26. Rde1 Kf7 27. Rhg1 h5 28. Re2 Bd6 29. Rge1 Rae8 30. Bg3 h4 31. Bh2 Nxh2 32. Rxh2 e5 33. fxe5 Rxe5 34. Rxe5 Bxe5 35. Rf2 Rg8 36. Kd2 Rg3 37. Nf4 Bxf4+ 38. Rxf4 h3 39. Rf1 Kg6 40. Ke2 Kg5 41. Kf2 Kg4 42. Ke1 h2 43. Kf2 Rf3+ 0-1

[Event "Niedersachsen-chT U14"]
[Site "Lingen"]
[Date "2005.05.06"]
[Round "4.1"]
[White "Hilgendorff, Finn"]
[Black "Langenfeld, Olaf"]
[Result "1/2-1/2"]
[WhiteElo "1422"]
[BlackElo "1485"]
[PlyCount "40"]
[EventDate "2005.05.05"]
[EventType "team-swiss"]
[EventRounds "5"]
[EventCountry "GER"]
[SourceTitle "EXT 2007"]
[Source "ChessBase"]
[SourceDate "2006.11.23"]
[SourceVersion "1"]
[SourceVersionDate "2006.11.23"]
[SourceQuality "1"]

1. Nc3 e5 2. e3 Nf6 3. d4 Nc6 4. dxe5 Nxe5 5. Nf3 Ng6 6. Bc4 Bb4 7. Bd2 0-0 8. 0-0 c6 9. Ne4 Bxd2 10. Nexd2 d5 11. Bd3 Bg4 12. h3 Bd7 13. c3 Qc8 14. Qc2 Ne7 15. Rfe1 Bf5 16. e4 dxe4 17. Nxe4 Nxe4 18. Bxe4 Bxe4 19. Qxe4 Ng6 20. Qc2 Re8 1/2-1/2

[Event "Niedersachsen-ch U14"]
[Site "Rotenburg/Wuemme"]
[Date "2005.03.21"]
[Round "4"]
[White "Hilgendorff, Finn"]
[Black "Seemann, Semjon"]
[Result "1-0"]
[WhiteElo "1341"]
[BlackElo "1671"]
[PlyCount "41"]
[EventDate "2005.03.19"]
[EventType "swiss"]
[EventRounds "9"]
[EventCountry "GER"]
[SourceTitle "EXT 2007"]
[Source "ChessBase"]
[SourceDate "2006.11.23"]
[SourceVersion "1"]
[SourceVersionDate "2006.11.23"]
[SourceQuality "1"]

1. d4 Nf6 2. Nc3 e6 3. e4 d5 4. exd5 exd5 5. Bf4 c6 6. Bd3 Be7 7. Nf3 Bg4 8. Qd2 Nbd7 9. 0-0-0 0-0 10. Rhe1 b5 11. h3 Bh5 12. Bc7 Qxc7 13. Rxe7 Qa5 14. g4 b4 15. Nb1 Qd8 16. Rxd7 Qxd7 17. Bf5 Qd6 18. gxh5 Nxh5 19. Rg1 Rfe8 20. Ne5 f6 21. Qh6 1-0